| 000 | 00571nam a2200205 a 4500 | ||
|---|---|---|---|
| 005 | 20221004063922.0 | ||
| 008 | 040303s2002 mx r 000 0 spa d | ||
| 020 | _a8420535265 | ||
| 035 | _aUPN01000132413 | ||
| 049 | _aCG | ||
| 050 | 4 |
_aPN147 _bT7.3 |
|
| 100 | 1 | _aTrigo Aranda, Vicente | |
| 245 | 1 | 0 |
_aEscribir y presentar trabajos en clase / _cVicente Trigo Aranda. |
| 260 |
_aMadrid : _bPrentice Hall, _c2002. |
||
| 300 | _a218 p. | ||
| 440 | 0 | _aTĂș Mism@ | |
| 650 | 4 |
_aARTE DE ESCRIBIR - _vMANUALES _92553 |
|
| 650 | 2 |
_aTrabajo escolar _921183 |
|
| 905 | _aLibro | ||
| 999 |
_c104568 _d104568 |
||